000 01296nam a2200337 a 4500
001 000005016
003 DO-SdBNP
005 20260331144343.0
007 ta
008 090729s1980 dr 000 0 spa d
040 _aDO-SdBNP
_bspa
_cBNPHU
082 4 _a343.015
_bR426c, 1980
_222
110 2 _aRepública Dominicana.
_9447
240 1 0 _a[Leyes, etc.]
245 1 0 _aCódigo de justicia de las Fuerzas Armadas :
_bleyes que lo modifican y lo complementan (con notas de jurisprudencia) /
_cpreparado y anotado por Eugenio José Peláez Ruiz.
264 _aSanto Domingo :
_bEditora Cacique,
_c1980.
300 _axxii, 141páginas ;
_c23 cm.
336 _atexto
_btxt
_2rdacontent
337 _asin mediación
_bn
_2rdamedia
338 _avolumen
_bnc
_2rdacarrier
500 _aIncluye referencias bibliográficas y notas al pie de las páginas.
504 _aBibliografía : p. 141
590 _aInventariado, 2018/VM
650 4 _aLeyes
_zRepública Dominicana
_93033
650 4 _aDelitos militares
_914457
651 4 _aRepública Dominicana
_xFuerzas Armadas
_xLegislación
_914456
651 4 _aRepública Dominicana
_xLey 3483-53
_914458
700 1 _aPeláez Ruiz, Eugenio José,
_ecompilador
_914459
_4comp.
910 _aValidado. Control de calidad EMS
942 _2ddc
_cLBS1
999 _c4822
_d4822